Avances de Investigación 1976 (10). Aspectos importantes de la sismicidad en Costa Rica/
Guardat en:
| Autor principal: | |
|---|---|
| Format: | Document de govern Llibre |
| Idioma: | Spanish |
| Matèries: | |
| Etiquetes: |
Afegir etiqueta
Sense etiquetes, Sigues el primer a etiquetar aquest registre!
|
MARC
| LEADER | 00000nam a22000007a 4500 | ||
|---|---|---|---|
| 003 | cru IIS | ||
| 005 | 20220704094800.0 | ||
| 007 | ta | ||
| 008 | 220523s1990 cr |||p|r|||| 00| 0 spa d | ||
| 040 | |c cru IIS | ||
| 086 | |a REV0053 (10) 1976 | ||
| 100 | 1 | |9 10497 |a Miyamura, Setumi |e Autor | |
| 245 | 1 | |a Avances de Investigación 1976 (10). |b Aspectos importantes de la sismicidad en Costa Rica/ |c Setumi Miyamura | |
| 300 | |a 18 páginas | ||
| 500 | |a Colección Centroamérica | ||
| 505 | |a Cap. 1. Síntesis de la actividad sísmica en Costa Rica / Setumi Miyamura (páginas 1-2) Cap. 2. Antecedentes para estudios sismológicos en Costa Rica / Setumi Miyamura (páginas 3-6) Cap. 3. Limitaciones de la información sismológica internacional / Setumi Miyamura (páginas 7-8) Cap. 4. Estudios realizados y necesidades futuras / Setumi Miyamura (páginas 9-10) Cap. 5, Características sismicas de Costa Rica. Síntesis / Setumi Miyamura (páginas 11-15) | ||
| 650 | 0 | |9 2212 |a SISMOLOGIA | |
| 650 | 0 | |9 136 |a HISTORIA | |
| 650 | 0 | |9 136 |a HISTORIA | |
| 651 | 0 | |9 32 |a COSTA RICA | |
| 773 | 0 | |0 19073 |9 7484 |a Universidad de Costa Rica. |d San José, Costa Rica UCR. FCS. IIS |o 22643 |t Avances de Investigación/ | |
| 942 | |2 ddc |c PP | ||
| 999 | |c 44344 |d 44344 | ||
| 773 | 0 | |0 19073 |9 7487 |a Universidad de Costa Rica. |d San José, Costa Rica UCR. FCS. IIS |o 22646 |t Avances de Investigación/ | |
